Language: its structure and use

Saved in:
Bibliographic Details
Main Author: FINEGAN, Edward
Format: Book
Language:English
Published: Wadsworth, Cengage Learning, 2012.
Tags: Add Tag
No Tags, Be the first to tag this record!

MARC

LEADER 00000nam a22000007a 4500
008 210125b ||||| |||| 00| 0 eng d
020 |a 978-0-495-91214-9 
100 |a FINEGAN, Edward. 
245 |a Language:   |b its structure and use  |c Edward Finegan.   |g xxv, 564p.; ill. 
250 |b 6th ed.  
260 |b Wadsworth, Cengage Learning,   |c 2012.  |h Boston, MA:   |i 691156   |i 691157.  |l P107 .F49  |m Language and languages.  |m Linguistics. 
500 |a “It includes references and index”. 
942 |a lcc  |c BK  |e Adeniran, F. A  |f 25/01/2021 
952 |0 0  |1 0  |2 lcc  |4 0  |6 P0107 F49  |7 0  |9 1772  |a HOL  |b ART  |c LP  |d 2021-01-25  |l 0  |o P107 .F49  |p 2021-0549  |r 2021-01-25 00:00:00  |w 2021-01-25  |y BK 
952 |0 0  |1 0  |2 lcc  |4 0  |6 P0107 F49  |7 0  |9 1773  |a HOL  |b HOL  |c LP  |d 2021-01-25  |l 0  |o P107 .F49  |p 2021-0550  |r 2021-01-25 00:00:00  |w 2021-01-25  |y BK 
999 |c 936  |d 936